| 000 | 00684nam a22002177a 4500 | ||
|---|---|---|---|
| 005 | 20140820130152.0 | ||
| 010 | _aENG-110304 | ||
| 020 |
_a9788172113223 _c2100.00 |
||
| 020 |
_a8172113226 _c2100.00 |
||
| 035 | _aEN-93836 | ||
| 037 | _bDBAD/PUB | ||
| 082 | _a362.196994 | ||
| 100 | _aReetinder Kaur | ||
| 245 |
_aSociety cancer / _cby Reetinder Kaur [and] A.K.Sinha |
||
| 260 |
_aNew Delhi _bNorthern Book Centre _c2014 |
||
| 270 |
_a4221/1 Ansari Road ,Darya Ganj _bNew Delhi _e110002 |
||
| 300 |
_axxx,594p. : _c23cm(Hb) _bmaps,tables |
||
| 500 | _aIncludes bibliographical references and index | ||
| 700 | _aSinha,A.K. | ||
| 942 |
_2ddc _cEN _mREE _h362.196994 |
||
| 999 |
_c85908 _d85908 |
||